Urychlit oživení evropské ekonomiky
Kroky EÚ k riešeniu krízy prezentované na jarnom zasadaní Európskej rady (stretnutie hláv štátov a vlád EÚ) a na Londýnskom zasadnutí G20. Navrhované zmeny v oblasti dohľadu nad finančným trhom a zmiernenie dopadov krízy na občanov EÚ. Európska komisia (EK) vydala 4.marca 2009 vyhlásenie Európskej r...
Salvato in:
| Autore principale: | |
|---|---|
| Natura: | Capitolo di libro |
| Lingua: | ceco |
| Soggetti: | |
| Tags: |
Nessun Tag, puoi essere il primo ad aggiungerne!!
|
MARC
| LEADER | 00000naa$a2200000$$$4500 | ||
|---|---|---|---|
| 001 | 0106564 | ||
| 005 | 20231010082032.7 | ||
| 041 | 0 | |a cze | |
| 044 | |a CZ | ||
| 245 | 1 | 0 | |a Urychlit oživení evropské ekonomiky |c Ondřej Karel |
| 520 | |a Kroky EÚ k riešeniu krízy prezentované na jarnom zasadaní Európskej rady (stretnutie hláv štátov a vlád EÚ) a na Londýnskom zasadnutí G20. Navrhované zmeny v oblasti dohľadu nad finančným trhom a zmiernenie dopadov krízy na občanov EÚ. Európska komisia (EK) vydala 4.marca 2009 vyhlásenie Európskej rady s názvom Driving European Recovery (Urýchliť oživenie európskej ekonomiky). | ||
| 610 | 2 | 0 | |a Európska únia |
| 610 | 2 | 0 | |a kríza finančná |
| 610 | 2 | 0 | |a oživenie |
| 610 | 2 | 0 | |a Európska komisia |
| 610 | 2 | 0 | |a trh finančný |
| 610 | 2 | 0 | |a programy riadiace |
| 610 | 2 | 0 | |a programy sociálne |
| 100 | 1 | |a Karel, Ondřej | |